000
00361nam a2200133Ia 4500
008
100328s9999 xx 000 0 und d
082
_b
32803
100
_a
नाईक गुरुनाथ.
245
_a
कबरस्थान.
260
_b
पूजा.
630
_a
कबरस्थान.
730
_a
कबरस्थान.
942
_c
BOOK
999
_c
523488
_d
523485